Mexican States Map Quiz - Statistics

General Stats
  • This quiz has been taken 1,597 times
  • The average score is 14 of 32
Answers on the Map
Answers color-coded by a green-red scale on the quiz's map according to % correct below.
 
Answer Stats
Answer % Correct
Baja California Sur
66%
Baja California
63%
Yucatán
60%
Chihuahua
59%
Sonora
58%
Sinaloa
55%
Veracruz
55%
Quintana Roo
52%
Ciudad de México
50%
Chiapas
48%
Nuevo León
48%
Oaxaca
46%
Tabasco
46%
Tamaulipas
46%
Campeche
45%
Durango
45%
Coahuila
44%
Estado de México
44%
San Luis Potosí
43%
Jalisco
42%
Aguascalientes
41%
Colima
41%
Guerrero
39%
Nayarit
39%
Michoacán
38%
Puebla
38%
Zacatecas
34%
Tlaxcala
33%
Guanajuato
31%
Morelos
31%
Querétaro
31%
Hidalgo
28%
No matching quizzes found
Score Distribution
Percent of People with Each Score
Percentile by Number Answered
Your Score History
You have not taken this quiz